[Event "SVK-chT2B 1213"]
[Site "Slovakia"]
[Date "2013.03.17"]
[Round "11.2"]
[White "Sebensky, Martin"]
[Black "Mrazik, Vladislav"]
[Result "1-0"]
[WhiteElo "2021"]
[BlackElo "1852"]
[PlyCount "63"]
[EventDate "2012.10.13"]
[EventType "team-tourn"]
[EventRounds "11"]
[EventCountry "SVK"]
[SourceTitle "EXT 2015"]
[Source "ChessBase"]
[SourceDate "2014.11.20"]
[SourceVersion "1"]
[SourceVersionDate "2014.11.20"]
[SourceQuality "1"]
[WhiteTeam "Komarno II"]
[BlackTeam "Trencin II"]
[WhiteTeamCountry "SVK"]
[BlackTeamCountry "SVK"]

1. d4 d5 2. c4 c6 3. Nc3 Nf6 4. Bf4 e6 5. e3 Nbd7 6. Nf3 dxc4 7. Bxc4 b5 8. Bd3 a6 9. 0-0 Be7 10. Rc1 Bb7 11. Ne4 Nxe4 12. Bxe4 Rc8 13. Ne5 Nxe5 14. Bxe5 0-0 15. Qg4 g6 16. Qf3 f6 17. Bg3 Qb6 18. Qd1 c5 19. dxc5 Bxc5 20. Bxb7 Qxb7 21. Qb3 Qf7 22. Rfd1 Bb6 23. h3 Rxc1 24. Rxc1 Qd7 25. Rd1 Qc8 26. Rd6 Qc1+ 27. Kh2 Bc7 28. Qxe6+ Kh8 29. Qe7 Bxd6 30. Bxd6 Rc8 31. Qxf6+ Kg8 32. Be5 1-0

[Event "SVK-chT1W 1213"]
[Site "Slovakia"]
[Date "2012.10.20"]
[Round "1.8"]
[White "Sebensky, Martin"]
[Black "Pericka, Tomas"]
[Result "0-1"]
[WhiteElo "2021"]
[BlackElo "2029"]
[PlyCount "70"]
[EventDate "2012.10.20"]
[EventType "team-tourn"]
[EventRounds "11"]
[EventCountry "SVK"]
[SourceTitle "EXT 2014"]
[Source "ChessBase"]
[SourceDate "2013.11.20"]
[SourceVersion "1"]
[SourceVersionDate "2013.11.20"]
[SourceQuality "1"]
[WhiteTeam "Komarno"]
[BlackTeam "Osuske"]
[WhiteTeamCountry "SVK"]
[BlackTeamCountry "SVK"]

1. d4 f5 2. c4 Nf6 3. Nc3 e6 4. g3 Be7 5. Bg2 0-0 6. Nf3 d6 7. 0-0 Kh8 8. Re1 Ne4 9. Qb3 Nd7 10. Nxe4 fxe4 11. Nd2 e3 12. Qxe3 Nf6 13. Nf3 Qe8 14. h3 Bd7 15. Ng5 e5 16. dxe5 dxe5 17. Rd1 Qh5 18. Bf3 Qg6 19. Qxe5 Bd6 20. Qd4 Rae8 21. c5 Be7 22. Qh4 h6 23. Ne4 Bc6 24. Nxf6 Bxf6 25. Qh5 Qc2 26. Rd2 Qa4 27. Bxc6 Qxc6 28. Rd3 Re7 29. Qf3 Qxc5 30. Be3 Qc2 31. Rd2 Qg6 32. Qxb7 Rxe3 33. fxe3 Qxg3+ 34. Kh1 Qxh3+ 35. Kg1 Qxe3+ 0-1

[Event "Bratislava Slovan op"]
[Site "Bratislava"]
[Date "2012.04.29"]
[Round "3"]
[White "Sebensky, Martin"]
[Black "Sulek, Viliam"]
[Result "1/2-1/2"]
[WhiteElo "1928"]
[BlackElo "2101"]
[PlyCount "59"]
[EventDate "2012.04.28"]
[EventType "swiss"]
[EventRounds "9"]
[EventCountry "SVK"]
[SourceTitle "EXT 2023"]
[Source "ChessBase"]
[SourceDate "2022.10.05"]
[SourceVersion "1"]
[SourceVersionDate "2022.10.05"]
[SourceQuality "1"]

1. d4 Nf6 2. c4 g6 3. Nc3 d5 4. cxd5 Nxd5 5. e4 Nxc3 6. bxc3 Bg7 7. Bc4 0-0 8. Ne2 c5 9. Be3 Nc6 10. 0-0 Qc7 11. Rc1 Rd8 12. Bf4 e5 13. Bg5 Re8 14. d5 Na5 15. Bb5 Bd7 16. Bxd7 Qxd7 17. c4 b6 18. f3 Nb7 19. Nc3 Nd6 20. Qe2 h6 21. Bd2 Kh7 22. a4 f5 23. Ra1 Rab8 24. Nb5 Nf7 25. Rfb1 fxe4 26. fxe4 h5 27. Rf1 Rf8 28. Rf2 a6 29. Nc3 Nd6 30. Raf1 1/2-1/2

[Event "SVK-chT2B 1112"]
[Site "Slovakia"]
[Date "2012.01.29"]
[Round "9.5"]
[White "Binka, Miroslav"]
[Black "Sebensky, Martin"]
[Result "0-1"]
[WhiteElo "1685"]
[BlackElo "1915"]
[PlyCount "68"]
[EventDate "2011.10.08"]
[EventType "team-tourn"]
[EventRounds "11"]
[EventCountry "SVK"]
[SourceTitle "EXT 2013"]
[Source "ChessBase"]
[SourceDate "2012.11.22"]
[SourceVersion "1"]
[SourceVersionDate "2012.11.22"]
[SourceQuality "1"]
[WhiteTeam "Nitra NSK"]
[BlackTeam "Komarno KSC II"]
[WhiteTeamCountry "SVK"]
[BlackTeamCountry "SVK"]

1. d4 Nf6 2. Nf3 d5 3. g3 e6 4. Bg2 Nbd7 5. c3 Bd6 6. 0-0 0-0 7. Nbd2 c5 8. Qc2 b6 9. e4 dxe4 10. Nxe4 Nxe4 11. Qxe4 Rb8 12. Bg5 Nf6 13. Qd3 Bb7 14. dxc5 Bxc5 15. Qxd8 Rbxd8 16. Bxf6 gxf6 17. Rfd1 Ba6 18. Bf1 Bb7 19. Be2 Bd5 20. b3 Rd7 21. Ne1 Rfd8 22. Bb5 Rc7 23. c4 a6 24. Ba4 b5 25. cxb5 Rdc8 26. bxa6 Bb6 27. Bb5 Rc5 28. Be2 Be4 29. b4 Rf5 30. Nd3 Rc2 31. Kf1 Bxd3 32. Bxd3 Rcxf2+ 33. Kg1 Rb2+ 34. Kh1 Rff2 0-1

[Event "SVK-chT2B 0708"]
[Site "Slovakia"]
[Date "2007.11.04"]
[Round "4.1"]
[White "Kovac, Lubomir"]
[Black "Sebensky, Martin"]
[Result "1/2-1/2"]
[WhiteElo "1818"]
[BlackElo "1926"]
[PlyCount "84"]
[EventDate "2007.10.06"]
[EventType "team-tourn"]
[EventRounds "11"]
[EventCountry "SVK"]
[SourceTitle "EXT 2010"]
[Source "ChessBase"]
[SourceDate "2010.11.25"]
[SourceVersion "1"]
[SourceVersionDate "2010.11.25"]
[SourceQuality "1"]
[WhiteTeam "Sala Slovan Duslo"]
[BlackTeam "Komarno KSC II"]
[WhiteTeamCountry "SVK"]
[BlackTeamCountry "SVK"]

1. d4 Nf6 2. c4 g6 3. Nc3 d5 4. Bf4 c6 5. e3 Bg7 6. Nf3 Bg4 7. h3 Bxf3 8. Qxf3 0-0 9. Bd3 Na6 10. 0-0 Nb4 11. Be2 dxc4 12. Bxc4 Nbd5 13. Be5 Nb6 14. Bb3 Nfd5 15. Bxg7 Kxg7 16. Rac1 Rc8 17. Ne4 e6 18. Nc5 Qe7 19. e4 Nf6 20. e5 Ne8 21. Qg4 h5 22. Qg3 Kh8 23. Rfd1 Ng7 24. Qf4 Kh7 25. Ne4 Ne8 26. Rd3 Rd8 27. Rf3 Nd5 28. Qd2 Ndc7 29. Bc2 Nd5 30. a3 b6 31. Bb1 Rc8 32. Rg3 Ng7 33. Ng5+ Kg8 34. Nxf7 Qxf7 35. Bxg6 Qf4 36. Qc2 Qh6 37. Rd1 Nf4 38. Be4 Kh8 39. Qd2 Nf5 40. Bxf5 Rxf5 41. Kh2 Qf8 42. Rf3 Nd5 1/2-1/2

[Event "SVK-ch U18"]
[Site "Liptovsky Mikulas"]
[Date "2007.04.27"]
[Round "9"]
[White "Istok, Vojtech"]
[Black "Sebensky, Martin"]
[Result "1/2-1/2"]
[WhiteElo "1730"]
[BlackElo "1769"]
[PlyCount "53"]
[EventDate "2007.04.22"]
[EventType "swiss"]
[EventRounds "9"]
[EventCountry "SVK"]
[SourceTitle "EXT 2008"]
[Source "ChessBase"]
[SourceDate "2007.11.25"]
[SourceVersion "1"]
[SourceVersionDate "2007.11.25"]
[SourceQuality "1"]

1. d4 Nf6 2. c4 g6 3. Nc3 d5 4. cxd5 Nxd5 5. e4 Nxc3 6. bxc3 Bg7 7. Nf3 c5 8. Be3 Nc6 9. Qd2 0-0 10. Be2 cxd4 11. cxd4 Bg4 12. Rd1 Rc8 13. h3 Bxf3 14. Bxf3 Na5 15. 0-0 Nc4 16. Qe2 Nxe3 17. Qxe3 Qa5 18. e5 Rc3 19. Qe2 b5 20. Bd5 b4 21. Bb3 Rd8 22. d5 Qc5 23. Qe4 a5 24. Rd4 Rc1 25. Rfd1 Rxd1+ 26. Rxd1 Qb5 27. Bc4 1/2-1/2

[Event "SVK-ch U18"]
[Site "Liptovsky Mikulas"]
[Date "2007.04.25"]
[Round "6"]
[White "Sebensky, Martin"]
[Black "Urban, Gabor"]
[Result "0-1"]
[WhiteElo "1769"]
[BlackElo "1917"]
[PlyCount "66"]
[EventDate "2007.04.22"]
[EventType "swiss"]
[EventRounds "9"]
[EventCountry "SVK"]
[SourceTitle "EXT 2008"]
[Source "ChessBase"]
[SourceDate "2007.11.25"]
[SourceVersion "1"]
[SourceVersionDate "2007.11.25"]
[SourceQuality "1"]

1. Nf3 d5 2. d4 c6 3. Bf4 Nf6 4. e3 Bf5 5. c4 e6 6. Nc3 Nbd7 7. Rc1 Be7 8. cxd5 exd5 9. Bd3 Bxd3 10. Qxd3 0-0 11. 0-0 Re8 12. Rc2 Nh5 13. Be5 Nxe5 14. Nxe5 Bd6 15. Qf5 Nf6 16. Ng4 Nxg4 17. Qxg4 Qc8 18. Qf3 Qe6 19. Na4 Rac8 20. Rfc1 f5 21. Nc5 Qf7 22. Nd3 Re4 23. Qh3 Rce8 24. g3 Qf6 25. b4 g5 26. Re2 Rxd4 27. Qh5 Qg6 28. Qxg6+ hxg6 29. Nc5 Rxb4 30. a3 Rb5 31. Nd7 Rd8 32. a4 Ra5 33. Nf6+ Kg7 0-1

[Event "SVK-ch"]
[Site "Trencianske Teplice"]
[Date "2005.??.??"]
[Round "9"]
[White "Sebensky, Martin"]
[Black "Machalova, Erika"]
[Result "0-1"]
[WhiteElo "1930"]
[BlackElo "2078"]
[PlyCount "54"]
[EventDate "2005.07.03"]
[EventType "swiss"]
[EventRounds "9"]
[EventCountry "SVK"]
[SourceTitle "EXT 2007"]
[Source "ChessBase"]
[SourceDate "2006.11.23"]
[SourceVersion "1"]
[SourceVersionDate "2006.11.23"]
[SourceQuality "1"]

1. d4 Nf6 2. Bg5 e6 3. e4 h6 4. Bxf6 Qxf6 5. Nf3 d6 6. Nbd2 Nd7 7. c4 c5 8. e5 dxe5 9. Ne4 Qf4 10. Bd3 exd4 11. g3 Qc7 12. Qe2 Be7 13. 0-0-0 b6 14. Rhf1 Bb7 15. Nh4 Bxh4 16. gxh4 0-0-0 17. Rg1 Nf6 18. Rxg7 Nxe4 19. Bxe4 Qf4+ 20. Rd2 Qxe4 21. Qxe4 Bxe4 22. Rxf7 Rd7 23. Rf6 Bf5 24. Re2 d3 25. Rd2 Kd8 26. f4 Ke7 27. Rxf5 exf5 0-1